| 000 | 00720nam a2200229 i 4500 | ||
|---|---|---|---|
| 001 | 121946 | ||
| 003 | ES-MaACL | ||
| 005 | 20251009191444.0 | ||
| 007 | t| | ||
| 008 | 070214s1980 sp r ||||1| spa d | ||
| 245 | 0 | 0 |
_aPoder y oposición en las sociedades postrevolucionarias / _cK. S. Karol... [et al.] ; traducción de Juana Bignozzi. |
| 250 | _a1ª ed. | ||
| 260 |
_aBarcelona : _bLaia, _c1980. |
||
| 300 |
_a278 p. ; _c20 cm. |
||
| 490 | 1 |
_aLaia/Paperback ; _v49 |
|
| 650 | 0 | 4 |
_aSocialismo- _yS.XX. _917164 |
| 700 | 1 |
_aKarol, K. S. _967574 |
|
| 700 | 1 |
_aBignozzi, Juana, _d1937-2015 _928843 |
|
| 830 | 0 |
_aLaia/Paperback ; _v49 _9181897 |
|
| 852 |
_aES-MaACL _jA-10916 _bR.100374 |
||
| 999 |
_c121946 _d121946 |
||